Ai hiểu khách hàng người ấy bán được hàng

"giới thiệu quá trình nhân viên bán hàng tìm kiếm khách hàng tiềm năng, quá trình chi tiêu của khách hàng, những chi tiết nhỏ mà khách hàng quan tâm, lời nói và hành động, cử chỉ của khách hàng, tâm lí của khách hàng, tín hiệu giao dịch củ...

Disgrifiad llawn

Wedi'i Gadw mewn:
Manylion Llyfryddiaeth
Prif Awdur: Lí Kiện Lâm
Awduron Eraill: Hà Giang (Dịch)
Fformat: Llyfr
Iaith:Vietnamese
Cyhoeddwyd: H. Thanh niên 2017
Pynciau:
Tagiau: Ychwanegu Tag
Dim Tagiau, Byddwch y cyntaf i dagio'r cofnod hwn!
Thư viện lưu trữ: Thư viện Trường Đại học Nam Cần Thơ
LEADER 01581nam a22002177a 4500
001 NCT_53889
008 181022b xxu||||| |||| 00| 0 vie d
999 |c 2583  |d 2583 
020 |a 9786046470519  |c 81000 
082 0 4 |2 23rd ed.  |a 658.85  |b L120 
100 1 |a Lí Kiện Lâm 
245 1 0 |a Ai hiểu khách hàng người ấy bán được hàng  |c Lí Kiện Lâm ; Hà Giang (dịch) 
260 |a H.  |b Thanh niên  |c 2017 
300 |a 263 tr.  |c 23cm 
520 3 |a "giới thiệu quá trình nhân viên bán hàng tìm kiếm khách hàng tiềm năng, quá trình chi tiêu của khách hàng, những chi tiết nhỏ mà khách hàng quan tâm, lời nói và hành động, cử chỉ của khách hàng, tâm lí của khách hàng, tín hiệu giao dịch của khách hàng... giúp người bán hàng hiểu được khách hàng, kịp thời đáp ứng nhu cầu của họ, từ đó dễ dàng có được đơn đặt hàng và nâng cao thành tích tiêu thụ sản phẩm." 
653 |a Quan hệ công chúng 
700 1 |a Hà Giang  |e Dịch 
942 |2 ddc  |c BK 
952 |0 0  |1 0  |2 ddc  |4 0  |6 658_850000000000000_L120  |7 0  |9 14707  |a 000001  |b 000001  |d 2018-10-22  |l 9  |m 1  |o 658.85 L120  |p MD.13712  |r 2020-07-10  |s 2020-06-06  |v 81000.00  |w 2018-10-22  |y BK 
952 |0 0  |1 0  |2 ddc  |4 0  |6 658_850000000000000_L120  |7 0  |9 14708  |a 000001  |b 000001  |d 2018-10-22  |o 658.85 L120  |p MD.13713  |r 2018-10-22  |v 81000.00  |w 2018-10-22  |y BK 
980 |a Thư viện Trường Đại học Nam Cần Thơ